000 01038nam a2200265 i 4500
001 bg
245 0 0 _aPrzemiany siedlisk i roślinności torfowisk uroczyska Stare Biele w Puszczy Knyszyńskiej /
_c[red. nauk. Andrzej Czerwiński, Aleksander Kołos, Beata Matowicka].
260 _aBiałystok :
_bDział Wydawnictw i Poligrafii PB,
_c2000.
300 _a225 s., [11] k. tabl. złoż., [1] k. tabl. kolor. złoż. luzem :
_bil., mapy ;
_c23 cm.
490 1 _aRozprawy Naukowe / Politechnika Białostocka,
_x0867-096X ;
_vnr 70
500 _aStreszcz. ang.
504 _aBibliogr.
650 9 _aTorfowisko
_xekologia
_zPolska
651 9 _aStare Biele (las)
_xflora
651 9 _aStare Biele (las)
_xgleba
700 1 _aCZERWIŃSKI, Andrzej.
_eRed.
700 1 _aKOŁOS, Aleksander.
_eRed.
700 1 _aMATOWICKA, Beata.
_eRed.
830 0 _aRozprawy Naukowe (Politechnika Białostocka) ;
_vnr 70
040 _cBPK
041 0 _apl
_ben
080 _a630.18:633.2](438)
942 _cKS
008 s pl f |000 0 pol
999 _c42448
_d42448
856 _uhttp://koha.tu.koszalin.pl/cgi-bin/koha/opac-detail.pl?biblionumber=42448
_yKatalog online BPK